000 01100nam0a2200289 4500
001 RU\NLR\BIBL_A\012860307
005 20250624184816.0
010 _92500
035 _a(NLR Aleph) 012860307
090 _a13311017
_c13311017
100 _a20220804d1962 |||y0rusy50 ca
101 0 _achv
102 _aRU
105 _ay z 000 y
181 0 _ai
_baxxe
182 0 _an
200 1 _aТěш тыррăн хăйхаклхне йӳнетесси
_e(Республикӑри колхозсен опытӗнчен)
_fС. Р. Малютин
203 _aТекст
_bвизуальный
_cнепосредственный
210 _aШупашкар
_cЧӑваш АССР кěнеке изд-ви
_d1962
215 _a48 c.
_d20
541 1 _aКак добиться снижения себестоимости производства зерна
_e[опыт респ. колхозов]
_zrus
686 1 _aУ9(2)321.81-862
700 1 _aМалютин
_bС. Р.
_gСтанислав Романович
_4070
852 _aNLR
_bОНЛ
_jЧув./2-3107
942 _cBOOK
980 _aNB